书目信息 |
| 题名: |
甜蜜的犒赏
|
|
| 作者: | 冈田吉之 著 ;金璐 译 | |
| 分册: | ||
| 出版信息: | 青岛 青岛出版社 2019 |
|
| 页数: | 335页 | |
| 开本: | 25cm | |
| 丛书名: | ||
| 单 册: | ||
| 中图分类: | TS972.134 | |
| 科图分类: | ||
| 主题词: | 甜食--制作--法国 | |
| 电子资源: | ||
| ISBN: | 978-7-5552-7976-1 | |
| 000 | 00871nam0 2200253 450 | |
| 001 | 2361063059 | |
| 005 | 20230925165758.74 | |
| 010 | @a978-7-5552-7976-1@dCNY88.00 | |
| 100 | @a20190921d2019 em y0chiy50 ea | |
| 101 | 1 | @achi@cjpn |
| 102 | @aCN@b370000 | |
| 105 | @aa z 000yy | |
| 200 | 1 | @a甜蜜的犒赏@Atian mi de kao shang@dAn encyclopedia of dessert@e零失败超美味的法式甜点@f(日)冈田吉之著@g金璐译@zeng |
| 210 | @a青岛@c青岛出版社@d2019 | |
| 215 | @a335页@c图@d25cm | |
| 305 | @a中文简体字版由日本株式会社柴田书店授权出版 | |
| 510 | 1 | @aEncyclopedia of dessert@zeng |
| 517 | 1 | @a零失败超美味的法式甜点@Aling shi bai chao mei wei de fa shi tian dian |
| 606 | 0 | @a甜食@x制作@y法国 |
| 690 | @aTS972.134@v5 | |
| 701 | 0 | @c(日)@a冈田吉之@Agang tian ji zhi@4著 |
| 702 | 0 | @a金璐@Ajin lu@4译 |
| 801 | 0 | @aCN@b安徽时代@c20230923 |
| 905 | @aBZT@dTS972.134@e11 | |
| 甜蜜的犒赏=An encyclopedia of dessert:零失败超美味的法式甜点/(日)冈田吉之著/金璐译.-青岛:青岛出版社,2019 |
| 335页:图;25cm |
| ISBN 978-7-5552-7976-1:CNY88.00 |
| ● |
| 相关链接 |
|
|
|
正题名:甜蜜的犒赏
索取号:TS972.134/11
 
预约/预借
| 序号 | 登录号 | 条形码 | 馆藏地/架位号 | 状态 | 备注 |
| 1 | 2000933647 | 2000933647 | 315书库/四28架A面1层4列/ [索取号:TS972.134/11] | 在馆 | |
| 2 | 2000933648 | 2000933648 | 315书库/四28架A面1层4列/ [索取号:TS972.134/11] | 在馆 | |
| 3 | 2000933649 | 2000933649 | 315书库/四28架A面1层4列/ [索取号:TS972.134/11] | 在馆 | |
| 4 | 2000933650 | 2000933650 | 315书库/四28架A面1层4列/ [索取号:TS972.134/11] | 在馆 | |
| 5 | 2000933651 | 2000933651 | 315书库/四28架A面1层4列/ [索取号:TS972.134/11] | 在馆 | |
| 6 | 2000933652 | 2000933652 | 315书库/四28架A面1层4列/ [索取号:TS972.134/11] | 在馆 |